<The> "Real" old age and the transition between the third and fourth age

Vzťah medzi chronologickým vekom a zdravotným stavom. Vymedzenie a ukazovatele prechodu do štvrtého veku. Kvalita života a zdravie starších ľudí je významne ovplyvnené kultúrnym a ekonomickým potenciálom seniorov.

Salvato in:
Dettagli Bibliografici
Autore principale: Petrová Kafková, Marcela
Natura: Capitolo di libro
Lingua:inglese
Soggetti:
Tags: Aggiungi Tag
Nessun Tag, puoi essere il primo ad aggiungerne!!

MARC

LEADER 00000naa a2200000 4500
001 0226901
005 20221019162922.3
041 0 |a eng 
044 |a SK 
245 1 0 |a <The> "Real" old age and the transition between the third and fourth age  |c Grafy, tab. 
520 |a Vzťah medzi chronologickým vekom a zdravotným stavom. Vymedzenie a ukazovatele prechodu do štvrtého veku. Kvalita života a zdravie starších ľudí je významne ovplyvnené kultúrnym a ekonomickým potenciálom seniorov. 
610 2 0 |a seniori 
610 2 0 |a skupiny vekové 
610 2 0 |a diferenciácia demografická 
610 2 0 |a generácie 
610 2 0 |a kvalita života 
610 2 0 |a zdravie 
610 2 0 |a výživa 
610 2 0 |a vzdelanie 
100 1 |a Petrová Kafková, Marcela